000
00281nam a2200121Ia 4500
005
20251222144722.0
008
251222s9999||||xx |||||||||||||| ||spa||
082
_a
153.7/H76
100
_a
Horna Figueroa, Alcibiades
245
0
_a
Mente Oportuna
264
_b
Renalsa
942
_c
LIB
999
_c
18251
_d
18251